| 000 | 00669nam a22001577a 4500 | ||
|---|---|---|---|
| 008 | 110905s1955 ua|||||r|||| 00| 0 ara d | ||
| 082 |
_222 _a214.32 _bع و د |
||
| 100 |
_927017 _aعوده ، عبد القادر |
||
| 245 |
_aالإسلام وأوضاعنا السياسية / _cعبد القادر عودة |
||
| 260 |
_aالقاهرة : _bمطبعة دار الكاتب العربي، 1951 _c1951 |
||
| 300 |
_a227 ص ؛ _c21 سم |
||
| 650 |
_913370 _aالإسلام والسياسة |
||
| 653 | _bGeneral | ||
| 942 |
_2ddc _cBB |
||
| 999 |
_c15952 _d15952 |
||